000 00722nam a2200277Ia 4500
003 OSt
005 20220918163448.0
006 a|||||r|||| 00| 0
007 ta
008 220917b |||||||| |||| 00| 0 eng d
020 _a0026172401 (hbk)
024 _a21,158
037 _cTextual
040 _aARTS
_cARTS
_beng
041 _2eng
_aeng
082 _aRx, L6
100 _aBurr John R
_913265
245 0 _aPhilosophy and contemporary issues
250 _a3rd
260 _aNew York
_bMacmillan Pub
_c1976
300 _axiv,525p.
_ccm.
650 _aPHILOSOPHY
700 _a Goldinger Milton
_913266
942 _hRx, L6
_cTEXL
_2CC
999 _c119712
_d119712